La comprensión simbólica temprana de una imagen digital como medio de comunicación y fuente de información (Record no. 189057)

MARC details
000 -CABECERA
campo de control de longitud fija 02288nab a2200289 a 4500
005 - FECHA Y HORA DE LA ÚLTIMA TRANSACCIÓN
campo de control 20250318095229.0
008 - ELEMENTOS DE LONGITUD FIJA--INFORMACIÓN GENERAL
campo de control de longitud fija 991125c2016 sp tr p o 000 0 spa d
035 ## - NÚMERO DE CONTROL DEL SISTEMA
Número de control de sistema UPN01000216957
040 ## - FUENTE DE LA CATALOGACIÓN
Centro catalogador/agencia de origen UPN
Lengua de catalogación spa
Centro/agencia transcriptor UPN
Normas de descripción aacr2
049 ## - COLECCIÓN
Colección ART-E
100 1# - ASIENTO PRINCIPAL--NOMBRE PERSONAL
Nombre de persona Jauck, Daniela
100 1# - ASIENTO PRINCIPAL--NOMBRE PERSONAL
Nombre de persona Peralta, Olga Alicia
Enlace - peralta@irice-conicet.gov.ar
245 13 - MENCIÓN DE TÍTULO
Título La comprensión simbólica temprana de una imagen digital como medio de comunicación y fuente de información
Medio [recurso electrónico en línea]
506 0# - NOTA DE RESTRICCIONES AL ACCESO
Limitaciones de acceso Acceso abierto
520 3# - NOTA DE RESUMEN, ETC.
Sumario, etc. Gráficos, fotografías, imágenes digitales, están muy presentes en la vida de los niños desde muy temprano cumpliendo una diversidad de funciones. En esta investigación exploramos la comprensión simbólica de una imagen digital provista por una Tablet como medio de comunicación y como fuente de información por parte de niños de 24 meses. Utilizamos dos tareas, en la primera los niños debían indicar en la imagen el lugar donde habían visto al experimentador esconder un objeto en una habitación pequeña. En la segunda, los niños debían buscar un objeto en la habitación guiados por una imagen en la que se les señalaba el escondite. Encontramos que los niños utilizaron la imagen como fuente de información para guiar la búsqueda, pero no como medio de comunicación para indicar a otro el escondite. Sin embargo, tras una experiencia breve en la utilización de la imagen como fuente de información, lograron utilizarla como medio de comunicación. Los resultados muestran que para los niños pequeños el empleo de la imagen de una Tablet como fuente de información no solo es más sencillo, sino que tiene efectos facilitadores en su empleo como medio de comunicación.
650 #2 - ASIENTO SECUNDARIO DE MATERIA - TERMINO TEMATICO
Término de materia o nombre geográfico como elemento de entrada Imágenes (psicología)
9 (RLIN) 13739
650 #4 - ASIENTO SECUNDARIO DE MATERIA - TERMINO TEMATICO
9 (RLIN) 9547
Término de materia o nombre geográfico como elemento de entrada Medios masivos de comunicación
650 #2 - ASIENTO SECUNDARIO DE MATERIA - TERMINO TEMATICO
9 (RLIN) 22800
Término de materia o nombre geográfico como elemento de entrada Fuentes de información
653 0# - TERMINO DE INDIZACION - NO CONTROLADO
Término no controlado Desarrollo simbólico temprano
653 0# - TERMINO DE INDIZACION - NO CONTROLADO
Término no controlado Tablet
773 ## - ENLACE AL DOCUMENTO FUENTE/ENTRADA DE REGISTRO ANFITRIÓN
Parte(s) relacionada(s) Vol. 32, no. 3 (2016), p. 886-892
Título Anales de psicología = Annals of psychology
Número Internacional Normalizado para Publicaciones Seriadas 1695-2294
856 4# - LOCALIZACIÓN Y ACCESO ELECTRÓNICOS
Identificador Uniforme del Recurso <a href="https://revistas.um.es/analesps/article/view/analesps.32.3.217751">https://revistas.um.es/analesps/article/view/analesps.32.3.217751</a>
856 4# - LOCALIZACIÓN Y ACCESO ELECTRÓNICOS
Identificador Uniforme del Recurso <a href="https://doi.org/10.6018/analesps.32.3.217751">https://doi.org/10.6018/analesps.32.3.217751</a>
902 ## - ELEMENTOS DE DATOS B LOCAL, LDB (RLIN)
Creó Gloria Jiménez/1024
905 ## - TIPO DE MATERIAL
Tipo de material Articulo
942 ## - ELEMENTOS DE PUNTO DE ACCESO ADICIONAL (KOHA)
Tipo de ítem Koha Artículo Electrónico
Holdings
Estado de retiro Estado de pérdida Estado dañado No para préstamo Código de colección Localización permanente Ubicación/localización actual Ubicación en estantería Fecha de adquisición Total de préstamos Fecha visto por última vez Identificador Uniforme del Recurso Precio válido a partir de Tipo de ítem Koha
        Acceso abierto Bib. Gregorio Torres Quintero Bib. Gregorio Torres Quintero En línea 11/10/2024   11/10/2024 https://doi.org/10.6018/analesps.32.3.217751 11/10/2024 Artículo Electrónico